000 00653nam a2200217Ia 4500
001 16615
003 GE_BSU
008 181216s||||||||xx |||||||||||||| ||und||
040 _cGE_BSU
080 _a821.353.1-32
100 _aმერაბიშვილი, ელგუჯა
245 _aჟამი მკისა
245 _cრედ.ლ.არაბიძე. მხ.ც.პაპანაშვილი
260 _aთბილისი
260 _bმერანი
260 _c1982
300 _a214გვ. ; 17სმ
653 _aმოთხრობები
653 _aჟამი მკისა
942 _cBK
999 _c49682
_d49682